[Event "Bundesliga 9697"]
[Site "Deutschland"]
[Date "1996.??.??"]
[Round "?.2"]
[White "Hickl, Joerg"]
[Black "Schlosser, Philipp"]
[Result "1/2-1/2"]
[WhiteElo "2600"]
[BlackElo "2560"]
[PlyCount "51"]
[EventDate "1996.10.??"]
[EventType "team"]
[EventRounds "15"]
[EventCountry "GER"]
[SourceTitle "Bundesliga 9697"]
[Source "DeepChess"]
[SourceDate "2005.01.01"]
[SourceVersion "1"]
[SourceVersionDate "2005.01.01"]
[SourceQuality "1"]
[WhiteTeam "SV Empor Berlin e.V."]
[BlackTeam "SK Passau 1869"]
[WhiteTeamCountry "GER"]
[BlackTeamCountry "GER"]

1. g3 d5 2. Bg2 e5 3. d3 Nf6 4. Nf3 Bd6 5. O-O c6 6. Nc3 O-O 7. e4 dxe4 8. dxe4
Bg4 9. h3 Bxf3 10. Qxf3 Nbd7 11. Nd1 Nc5 12. Qe2 Bc7 13. Rb1 a5 14. b3 Re8 15.
a4 Qd7 16. Ba3 Bd6 17. Bb2 Qc7 18. Re1 Ne6 19. Ne3 Nd4 20. Qd1 Bc5 21. c3 Ne6
22. Bc1 Rad8 23. Qc2 h5 24. h4 Ba7 25. Bf3 g6 26. Nf1 1/2-1/2

[Event "Bundesliga 9697"]
[Site "Deutschland"]
[Date "1996.??.??"]
[Round "?.4"]
[White "Tischbierek, Raj"]
[Black "Schmidt, Peter"]
[Result "0-1"]
[WhiteElo "2500"]
[BlackElo "2410"]
[PlyCount "98"]
[EventDate "1996.10.??"]
[EventType "team"]
[EventRounds "15"]
[EventCountry "GER"]
[SourceTitle "Bundesliga 9697"]
[Source "DeepChess"]
[SourceDate "2005.01.01"]
[SourceVersion "1"]
[SourceVersionDate "2005.01.01"]
[SourceQuality "1"]
[WhiteTeam "SV Empor Berlin e.V."]
[BlackTeam "SK Passau 1869"]
[WhiteTeamCountry "GER"]
[BlackTeamCountry "GER"]

1. e4 c6 2. d4 d5 3. e5 Bf5 4. Nf3 e6 5. Be2 Ne7 6. O-O Nd7 7. Nh4 Bg6 8. Nd2
c5 9. c3 Nc6 10. Nxg6 hxg6 11. Nf3 Be7 12. Be3 O-O 13. g3 cxd4 14. cxd4 Nb6 15.
b3 a5 16. a3 a4 17. b4 Nc4 18. Bc1 Na7 19. h4 Nb5 20. Qd3 Qb6 21. Kg2 Rac8 22.
Rh1 f5 23. h5 g5 24. Rd1 g4 25. Ne1 Qd8 26. Kg1 Qe8 27. f3 Qxh5 28. fxg4 fxg4
29. Ng2 Bd8 30. Nf4 Rxf4 31. gxf4 Nxd4 32. Ra2 Bb6 33. Kg2 Nf5 34. Rh1 Nce3+
35. Bxe3 Nxe3+ 36. Qxe3 Qxh1+ 37. Kxh1 Bxe3 38. Bxg4 Rc1+ 39. Kg2 Kf7 40. f5
exf5 41. Bxf5 Rg1+ 42. Kh3 Bf4 43. Bc8 d4 44. Rg2 Ra1 45. Bxb7 d3 46. Bd5+ Kf8
47. Kg4 d2 48. Bf3 Rf1 49. Be2 Bxe5 0-1

[Event "Bundesliga 9697"]
[Site "Deutschland"]
[Date "1996.??.??"]
[Round "?.5"]
[White "Pichler, Juergen"]
[Black "Volke, Karsten"]
[Result "1-0"]
[WhiteElo "2400"]
[BlackElo "2475"]
[PlyCount "143"]
[EventDate "1996.10.??"]
[EventType "team"]
[EventRounds "15"]
[EventCountry "GER"]
[SourceTitle "Bundesliga 9697"]
[Source "DeepChess"]
[SourceDate "2005.01.01"]
[SourceVersion "1"]
[SourceVersionDate "2005.01.01"]
[SourceQuality "1"]
[WhiteTeam "SK Passau 1869"]
[BlackTeam "SV Empor Berlin e.V."]
[WhiteTeamCountry "GER"]
[BlackTeamCountry "GER"]

1. d4 Nf6 2. c4 g6 3. Nc3 Bg7 4. e4 d6 5. f4 O-O 6. Nf3 Na6 7. Be2 e5 8. fxe5
dxe5 9. d5 Nc5 10. Bg5 h6 11. Bxf6 Qxf6 12. b4 Nd7 13. Rb1 c5 14. dxc6 bxc6 15.
O-O Rd8 16. Qa4 Nb6 17. Qb3 Qf4 18. Kh1 Qe3 19. c5 Be6 20. Qc2 Nd7 21. Ba6 Rab8
22. Rbe1 Qf4 23. a3 g5 24. Nd2 Qh4 25. Nc4 Bxc4 26. Bxc4 Nf6 27. Re3 Rd4 28.
Be2 g4 29. b5 Qg5 30. Qc1 Rc8 31. Bd3 h5 32. Ne2 Bh6 33. Nxd4 exd4 34. Rf5 Qxe3
35. Qxe3 Bxe3 36. Rxf6 cxb5 37. c6 a6 38. e5 Bg5 39. Rd6 Be7 40. Be4 f5 41.
Bd5+ Kf8 42. Rg6 Bd8 43. Kg1 d3 44. Kf1 h4 45. h3 g3 46. Rg8+ Ke7 47. Rg7+ Ke8
48. Rg8+ Ke7 49. Rh8 f4 50. Rxh4 Ba5 51. Rh7+ Kd8 52. Rd7+ Ke8 53. Be4 Rc7 54.
Rxd3 Re7 55. Ke2 Bc7 56. Kf3 Bxe5 57. h4 Kf7 58. h5 Kg7 59. Kg4 Kh6 60. Bf3 Rf7
61. Rd5 Bc7 62. Rd3 Be5 63. Rd8 Bc7 64. Re8 Rg7+ 65. Kf5 Rf7+ 66. Ke6 Rg7 67.
Kf6 Ba5 68. Rh8+ Rh7 69. Rg8 Rc7 70. Rg6+ Kh7 71. Be4 Kh8 72. Rh6+ 1-0

[Event "Bundesliga 9697"]
[Site "Deutschland"]
[Date "1996.??.??"]
[Round "?.6"]
[White "Poldauf, Dirk"]
[Black "Baumhus, Reinhard"]
[Result "1-0"]
[WhiteElo "2470"]
[BlackElo "2355"]
[PlyCount "61"]
[EventDate "1996.10.??"]
[EventType "team"]
[EventRounds "15"]
[EventCountry "GER"]
[SourceTitle "Bundesliga 9697"]
[Source "DeepChess"]
[SourceDate "2005.01.01"]
[SourceVersion "1"]
[SourceVersionDate "2005.01.01"]
[SourceQuality "1"]
[WhiteTeam "SV Empor Berlin e.V."]
[BlackTeam "SK Passau 1869"]
[WhiteTeamCountry "GER"]
[BlackTeamCountry "GER"]

1. c4 c5 2. g3 e6 3. Nf3 b6 4. Bg2 Bb7 5. O-O Nf6 6. b3 Be7 7. Bb2 O-O 8. e3 d5
9. Qe2 a6 10. d3 Re8 11. Ne5 Nc6 12. f4 Qc7 13. Nd2 Rad8 14. g4 Nxe5 15. Bxe5
Qc8 16. g5 Nd7 17. Bb2 Bf8 18. Rf3 dxc4 19. Rh3 Bxg2 20. Kxg2 e5 21. bxc4 exf4
22. Ne4 Qc6 23. exf4 Nb8 24. f5 Rxd3 25. Qxd3 Qxe4+ 26. Qxe4 Rxe4 27. Rb3 Rg4+
28. Kf3 Rxg5 29. Kf4 Rh5 30. Rxb6 Rxh2 31. Rxb8 1-0

[Event "Bundesliga 9697"]
[Site "Deutschland"]
[Date "1996.??.??"]
[Round "?.7"]
[White "Schoellmann, Jochen"]
[Black "Muse, Mladen"]
[Result "1/2-1/2"]
[WhiteElo "2375"]
[BlackElo "2445"]
[PlyCount "85"]
[EventDate "1996.10.??"]
[EventType "team"]
[EventRounds "15"]
[EventCountry "GER"]
[SourceTitle "Bundesliga 9697"]
[Source "DeepChess"]
[SourceDate "2005.01.01"]
[SourceVersion "1"]
[SourceVersionDate "2005.01.01"]
[SourceQuality "1"]
[WhiteTeam "SK Passau 1869"]
[BlackTeam "SV Empor Berlin e.V."]
[WhiteTeamCountry "GER"]
[BlackTeamCountry "GER"]

1. e4 c5 2. c3 d6 3. d4 Nf6 4. Bd3 Qc7 5. h3 g6 6. Nf3 Bg7 7. Be3 O-O 8. O-O b6
9. Nbd2 Ba6 10. Bxa6 Nxa6 11. Qe2 Qb7 12. Rfe1 Nc7 13. Bf4 Nd7 14. Rad1 Ne6 15.
Be3 b5 16. d5 Nc7 17. c4 Qa6 18. b3 Qxa2 19. Bf4 bxc4 20. bxc4 Qa4 21. e5 Nxd5
22. cxd5 Qxf4 23. g3 Qf5 24. exd6 exd6 25. Nc4 Ne5 26. Nfxe5 Bxe5 27. g4 Qf4
28. Nxe5 Qxe5 29. Qxe5 dxe5 30. Rxe5 Rfe8 31. Rxe8+ Rxe8 32. Ra1 Rd8 33. Rxa7
Rxd5 34. Rc7 h5 35. Kg2 Kg7 36. Rc6 Kh6 37. Rc7 hxg4 38. Rxf7 gxh3+ 39. Kxh3
Kg5 40. f4+ Kh6 41. Rc7 g5 42. Kg4 gxf4 43. Kxf4 1/2-1/2

[Event "Bundesliga 9697"]
[Site "Deutschland"]
[Date "1996.??.??"]
[Round "?.8"]
[White "Chekhov, Valery A"]
[Black "Goetz, Ralph"]
[Result "1-0"]
[WhiteElo "2535"]
[BlackElo "2310"]
[PlyCount "51"]
[EventDate "1996.10.??"]
[EventType "team"]
[EventRounds "15"]
[EventCountry "GER"]
[SourceTitle "Bundesliga 9697"]
[Source "DeepChess"]
[SourceDate "2005.01.01"]
[SourceVersion "1"]
[SourceVersionDate "2005.01.01"]
[SourceQuality "1"]
[WhiteTeam "SV Empor Berlin e.V."]
[BlackTeam "SK Passau 1869"]
[WhiteTeamCountry "GER"]
[BlackTeamCountry "GER"]

1. d4 d5 2. c4 c6 3. Nf3 Nf6 4. Qc2 e6 5. g3 Be7 6. Bg2 O-O 7. O-O Nbd7 8. b3
b6 9. Rd1 Bb7 10. Nc3 Rc8 11. e4 c5 12. exd5 exd5 13. Bb2 Qc7 14. cxd5 Nxd5 15.
Nxd5 Bxd5 16. dxc5 Bxf3 17. Bxf3 Nxc5 18. Qf5 Rcd8 19. Bd5 Qc8 20. Qh5 Nd7 21.
Be4 g6 22. Qf3 f6 23. Rac1 Qb8 24. Qg4 Ne5 25. Qe6+ Rf7 26. Rxd8+ 1-0

[Event "Bundesliga 9697"]
[Site "Deutschland"]
[Date "1997.??.??"]
[Round "?.2"]
[White "Schlosser, Philipp"]
[Black "Casper, Thomas"]
[Result "0-1"]
[WhiteElo "2560"]
[BlackElo "2405"]
[PlyCount "56"]
[EventDate "1996.10.??"]
[EventType "team"]
[EventRounds "15"]
[EventCountry "GER"]
[SourceTitle "Bundesliga 9697"]
[Source "DeepChess"]
[SourceDate "2005.01.01"]
[SourceVersion "1"]
[SourceVersionDate "2005.01.01"]
[SourceQuality "1"]
[WhiteTeam "SK Passau 1869"]
[BlackTeam "SV Erfurt West 90"]
[WhiteTeamCountry "GER"]
[BlackTeamCountry "GER"]

1. Nf3 Nf6 2. c4 d6 3. d4 Nbd7 4. Nc3 e5 5. e4 g6 6. Be2 Bg7 7. Be3 c6 8. d5
cxd5 9. cxd5 O-O 10. O-O Ng4 11. Bg5 f6 12. Bd2 Nh6 13. Rc1 Nf7 14. Qa4 f5 15.
exf5 Nc5 16. Qa3 Bxf5 17. Nb5 e4 18. Nfd4 a6 19. Nxd6 Bxd4 20. Nxf5 gxf5 21.
Qg3+ Kh8 22. Rxc5 Rg8 23. Qc7 Qf6 24. Ra5 Rac8 25. Qxb7 Rxg2+ 26. Kxg2 Qg6+ 27.
Kh3 Rg8 28. Rxa6 Qg2+ 0-1

[Event "Bundesliga 9697"]
[Site "Deutschland"]
[Date "1997.??.??"]
[Round "?.3"]
[White "Renner, Christoph"]
[Black "Smejkal, Jan"]
[Result "0-1"]
[WhiteElo "2445"]
[BlackElo "2505"]
[PlyCount "118"]
[EventDate "1996.10.??"]
[EventType "team"]
[EventRounds "15"]
[EventCountry "GER"]
[SourceTitle "Bundesliga 9697"]
[Source "DeepChess"]
[SourceDate "2005.01.01"]
[SourceVersion "1"]
[SourceVersionDate "2005.01.01"]
[SourceQuality "1"]
[WhiteTeam "SV Erfurt West 90"]
[BlackTeam "SK Passau 1869"]
[WhiteTeamCountry "GER"]
[BlackTeamCountry "GER"]

1. e4 e5 2. Nf3 Nc6 3. Bc4 Nf6 4. d3 Be7 5. O-O O-O 6. Nbd2 d6 7. c3 Na5 8. Bb5
a6 9. Ba4 b5 10. Bc2 c5 11. Re1 Nc6 12. Nf1 h6 13. Ne3 Re8 14. d4 exd4 15. cxd4
Bf8 16. dxc5 dxc5 17. Qxd8 Rxd8 18. e5 Ne8 19. Be4 Bb7 20. Nf5 Rab8 21. Bf4 Nb4
22. a3 Bxe4 23. Rxe4 Nd3 24. e6 fxe6 25. Bxb8 exf5 26. Re3 f4 27. Rxd3 Rxd3 28.
Bxf4 Bd6 29. Bd2 Nf6 30. Re1 Nd5 31. Kf1 Rb3 32. Rd1 Kf7 33. Bc1 Bf4 34. Bxf4
Nxf4 35. Ne5+ Ke7 36. g3 Ne6 37. Rd7+ Kf6 38. f4 Kf5 39. Rf7+ Ke4 40. Re7 Kd5
41. Rd7+ Ke4 42. Re7 Nd4 43. Nd7+ Kd5 44. Re5+ Kd6 45. Nxc5 Rxb2 46. Nxa6 Nc2
47. Re2 Rb1+ 48. Kf2 Nxa3 49. f5 Nc4 50. Re6+ Kd5 51. g4 b4 52. Nxb4+ Rxb4 53.
Re7 Ne5 54. h3 Rb2+ 55. Kf1 Ke4 56. Rxg7 Nf3 57. Re7+ Kf4 58. Re2 Rxe2 59. Kxe2
Ng1+ 0-1

[Event "Bundesliga 9697"]
[Site "Deutschland"]
[Date "1997.??.??"]
[Round "?.5"]
[White "Voekler, Bernd"]
[Black "Schmidt, Peter"]
[Result "1-0"]
[WhiteElo "2410"]
[BlackElo "2410"]
[PlyCount "83"]
[EventDate "1996.10.??"]
[EventType "team"]
[EventRounds "15"]
[EventCountry "GER"]
[SourceTitle "Bundesliga 9697"]
[Source "DeepChess"]
[SourceDate "2005.01.01"]
[SourceVersion "1"]
[SourceVersionDate "2005.01.01"]
[SourceQuality "1"]
[WhiteTeam "SV Erfurt West 90"]
[BlackTeam "SK Passau 1869"]
[WhiteTeamCountry "GER"]
[BlackTeamCountry "GER"]

1. e4 c6 2. d4 d5 3. Nc3 dxe4 4. Nxe4 Bf5 5. Ng3 Bg6 6. Nf3 Nf6 7. h4 h6 8. Ne5
Bh7 9. Bc4 e6 10. Qe2 Nd5 11. Bb3 Nd7 12. Bd2 Nxe5 13. dxe5 a5 14. a4 Qb6 15.
O-O-O Bb4 16. Ne4 Bxe4 17. Qxe4 O-O-O 18. Qf3 Bxd2+ 19. Rxd2 Qc7 20. Qg3 g6 21.
Rhd1 Ne7 22. Qf4 Nf5 23. g4 Nxh4 24. Qf6 Ng2 25. Rd6 h5 26. gxh5 gxh5 27. Rg1
Rhg8 28. Rxd8+ Qxd8 29. Qxf7 Kb8 30. Qxe6 Re8 31. Qf6 Nh4 32. Rh1 Qxf6 33. exf6
Nf3 34. f7 Rf8 35. Rxh5 Nd4 36. Ba2 Kc7 37. c3 Ne2+ 38. Kd2 Nf4 39. Rxa5 Kd6
40. Rf5 Nd5 41. Bxd5 cxd5 42. Kd3 1-0

[Event "Bundesliga 9697"]
[Site "Deutschland"]
[Date "1997.??.??"]
[Round "?.7"]
[White "Brueggemann, Joachim"]
[Black "Klebel, Martin"]
[Result "1-0"]
[WhiteElo "2285"]
[BlackElo "2410"]
[PlyCount "81"]
[EventDate "1996.10.??"]
[EventType "team"]
[EventRounds "15"]
[EventCountry "GER"]
[SourceTitle "Bundesliga 9697"]
[Source "DeepChess"]
[SourceDate "2005.01.01"]
[SourceVersion "1"]
[SourceVersionDate "2005.01.01"]
[SourceQuality "1"]
[WhiteTeam "SV Erfurt West 90"]
[BlackTeam "SK Passau 1869"]
[WhiteTeamCountry "GER"]
[BlackTeamCountry "GER"]

1. e4 c5 2. Nf3 e6 3. d4 cxd4 4. Nxd4 a6 5. Bd3 Qc7 6. O-O g6 7. Be3 Bg7 8. c4
Nf6 9. Nc3 O-O 10. Rc1 d6 11. f3 Nbd7 12. Qd2 Ne5 13. Rfd1 Bd7 14. Bf1 Rfc8 15.
b3 Qb8 16. h3 Ne8 17. f4 Nc6 18. Nf3 Ne7 19. c5 Bxc3 20. Qxc3 d5 21. Ne5 Rd8
22. Ng4 e5 23. Nh6+ Kg7 24. exd5 Kxh6 25. fxe5+ Kg7 26. e6+ Kg8 27. exd7 Rxd7
28. d6 Nf5 29. Bf2 Qd8 30. g4 Nfg7 31. Bg2 Rb8 32. Qe5 Rc8 33. Bd4 f6 34. Bd5+
Kh8 35. Qf4 Nxd6 36. cxd6 Rxc1 37. Rxc1 Rxd6 38. Rc8 Qxc8 39. Qxd6 Qc1+ 40. Kg2
Qd2+ 41. Bf2 1-0

[Event "Bundesliga 9697"]
[Site "Deutschland"]
[Date "1997.??.??"]
[Round "?.8"]
[White "Schlingensiepen, Christian"]
[Black "Fuhrmann, Daniel"]
[Result "1-0"]
[WhiteElo "2290"]
[BlackElo "2280"]
[PlyCount "81"]
[EventDate "1996.10.??"]
[EventType "team"]
[EventRounds "15"]
[EventCountry "GER"]
[SourceTitle "Bundesliga 9697"]
[Source "DeepChess"]
[SourceDate "2005.01.01"]
[SourceVersion "1"]
[SourceVersionDate "2005.01.01"]
[SourceQuality "1"]
[WhiteTeam "SK Passau 1869"]
[BlackTeam "SV Erfurt West 90"]
[WhiteTeamCountry "GER"]
[BlackTeamCountry "GER"]

1. e4 c5 2. Nc3 e6 3. g3 Nc6 4. Bg2 g6 5. d3 Bg7 6. Be3 Qa5 7. Qd2 Nd4 8. Nf3
d6 9. O-O Bd7 10. Bf4 e5 11. Nd5 Qxd2 12. Bxd2 Ne6 13. Be3 Ne7 14. Nd2 Nc8 15.
a4 O-O 16. Nc4 Rb8 17. a5 Kh8 18. Rab1 b5 19. axb6 axb6 20. b4 b5 21. bxc5 dxc5
22. f4 exf4 23. gxf4 f5 24. Ne5 Be8 25. exf5 gxf5 26. Ra1 Nb6 27. Ra7 Na4 28.
Rf3 Nd4 29. Bxd4 cxd4 30. Rg3 Bxe5 31. fxe5 Bg6 32. Nf4 Rb6 33. e6 Re8 34. Bd5
Nc3 35. Bb3 b4 36. Nxg6+ hxg6 37. Rh3+ Kg8 38. Rhh7 Ne2+ 39. Kf2 Nf4 40. Rag7+
Kf8 41. e7+ 1-0

[Event "Bundesliga 9697"]
[Site "Deutschland"]
[Date "1997.??.??"]
[Round "?.2"]
[White "Smejkal, Jan"]
[Black "Slobodjan, Roman"]
[Result "1/2-1/2"]
[WhiteElo "2505"]
[BlackElo "2520"]
[PlyCount "44"]
[EventDate "1996.10.??"]
[EventType "team"]
[EventRounds "15"]
[EventCountry "GER"]
[SourceTitle "Bundesliga 9697"]
[Source "DeepChess"]
[SourceDate "2005.01.01"]
[SourceVersion "1"]
[SourceVersionDate "2005.01.01"]
[SourceQuality "1"]
[WhiteTeam "SK Passau 1869"]
[BlackTeam "USC Magdeburg"]
[WhiteTeamCountry "GER"]
[BlackTeamCountry "GER"]

1. c4 e5 2. g3 Nc6 3. Bg2 d6 4. Nc3 g6 5. Rb1 h5 6. h4 Nf6 7. b4 Bg7 8. d3 O-O
9. Nf3 Nd4 10. Nxd4 exd4 11. Nd5 c6 12. Nxf6+ Bxf6 13. O-O Re8 14. Re1 Bg7 15.
Bf4 Be5 16. Qd2 Qc7 17. a4 Bg4 18. a5 a6 19. Bg5 Bg7 20. Bf4 Be5 21. Bg5 Bg7
22. Bf4 Be5 1/2-1/2

[Event "Bundesliga 9697"]
[Site "Deutschland"]
[Date "1997.??.??"]
[Round "?.3"]
[White "Rogozenko, Dorian"]
[Black "Wells, Peter K"]
[Result "0-1"]
[WhiteElo "2530"]
[BlackElo "2495"]
[PlyCount "72"]
[EventDate "1996.10.??"]
[EventType "team"]
[EventRounds "15"]
[EventCountry "GER"]
[SourceTitle "Bundesliga 9697"]
[Source "DeepChess"]
[SourceDate "2005.01.01"]
[SourceVersion "1"]
[SourceVersionDate "2005.01.01"]
[SourceQuality "1"]
[WhiteTeam "USC Magdeburg"]
[BlackTeam "SK Passau 1869"]
[WhiteTeamCountry "GER"]
[BlackTeamCountry "GER"]

1. d4 Nf6 2. c4 e6 3. Nf3 d5 4. Nc3 dxc4 5. e4 Bb4 6. Bg5 c5 7. Bxc4 cxd4 8.
Nxd4 Bxc3+ 9. bxc3 Qa5 10. Bb5+ Nbd7 11. Bxf6 Qxc3+ 12. Kf1 gxf6 13. h4 Qa5 14.
Rc1 Ke7 15. Be2 Rd8 16. Qc2 Nc5 17. Nb5 b6 18. Rh3 Rd2 19. Qb1 Qxa2 20. Ra3
Qxb1 21. Rxb1 Ba6 22. Ke1 Rad8 23. Nc3 Bxe2 24. Rxa7+ Kf8 25. Nxe2 Nxe4 26. Rc7
Nc5 27. g3 Rc2 28. Rd1 Ra8 29. Kf1 Raa2 30. Nf4 Rxf2+ 31. Kg1 Rfd2 32. Rxd2
Rxd2 33. Kf1 Ne4 34. Ne2 f5 35. Rb7 Rb2 36. Ke1 Rb1+ 0-1

[Event "Bundesliga 9697"]
[Site "Deutschland"]
[Date "1997.??.??"]
[Round "?.4"]
[White "Pichler, Juergen"]
[Black "Naumann, Alexander"]
[Result "1-0"]
[WhiteElo "2400"]
[BlackElo "2380"]
[PlyCount "81"]
[EventDate "1996.10.??"]
[EventType "team"]
[EventRounds "15"]
[EventCountry "GER"]
[SourceTitle "Bundesliga 9697"]
[Source "DeepChess"]
[SourceDate "2005.01.01"]
[SourceVersion "1"]
[SourceVersionDate "2005.01.01"]
[SourceQuality "1"]
[WhiteTeam "SK Passau 1869"]
[BlackTeam "USC Magdeburg"]
[WhiteTeamCountry "GER"]
[BlackTeamCountry "GER"]

1. d4 d5 2. c4 e6 3. Nc3 c6 4. Nf3 dxc4 5. a4 Bb4 6. e3 b5 7. Bd2 a5 8. axb5
Bxc3 9. Bxc3 cxb5 10. b3 Bb7 11. d5 Nf6 12. bxc4 b4 13. Bxf6 Qxf6 14. Qa4+ Nd7
15. Nd4 e5 16. Nb3 Ke7 17. Be2 Rhc8 18. O-O Qd6 19. f4 Nc5 20. fxe5 Qxe5 21.
Nxc5 Rxc5 22. Rf3 Bc8 23. Raf1 f6 24. Qc2 g6 25. Rxf6 Bf5 26. R1xf5 gxf5 27.
Re6+ Qxe6 28. dxe6 a4 29. Qd2 a3 30. Qd7+ Kf6 31. Qf7+ Ke5 32. e7 Rcc8 33. Qd5+
Kf6 34. Qd6+ Kg7 35. Qe5+ Kg6 36. Qe6+ Kg7 37. Qe5+ Kg6 38. Bf3 Rab8 39. Bc6
Kf7 40. Bd5+ Ke8 41. Qe6 1-0

[Event "Bundesliga 9697"]
[Site "Deutschland"]
[Date "1997.??.??"]
[Round "?.5"]
[White "Proehl, Holger"]
[Black "Gross, David2"]
[Result "1/2-1/2"]
[WhiteElo "2395"]
[BlackElo "2335"]
[PlyCount "81"]
[EventDate "1996.10.??"]
[EventType "team"]
[EventRounds "15"]
[EventCountry "GER"]
[SourceTitle "Bundesliga 9697"]
[Source "DeepChess"]
[SourceDate "2005.01.01"]
[SourceVersion "1"]
[SourceVersionDate "2005.01.01"]
[SourceQuality "1"]
[WhiteTeam "USC Magdeburg"]
[BlackTeam "SK Passau 1869"]
[WhiteTeamCountry "GER"]
[BlackTeamCountry "GER"]

1. e4 c5 2. c3 d5 3. exd5 Qxd5 4. d4 Nf6 5. Nf3 Bg4 6. Be2 e6 7. O-O Nc6 8. Be3
cxd4 9. cxd4 Be7 10. Nc3 Qd6 11. a3 O-O 12. Qd2 Rfd8 13. Rad1 Nd5 14. Ne4 Qc7
15. Nc3 Nxc3 16. Qxc3 Bf6 17. Rd2 Rd5 18. h3 Bh5 19. Rfd1 h6 20. b4 Rad8 21.
Qc1 Qe7 22. g4 Bg6 23. Bc4 R5d7 24. d5 exd5 25. Bxd5 Rxd5 26. Rxd5 Rxd5 27.
Rxd5 Be4 28. Qd1 Bxd5 29. Qxd5 a6 30. Kg2 Bb2 31. Bc5 Qe2 32. Qd7 Bxa3 33. Qxb7
Qb5 34. Qc8+ Kh7 35. Qf5+ Kg8 36. Qc8+ Kh7 37. g5 Bxb4 38. Qf5+ Kg8 39. Qc8+
Kh7 40. Qf5+ Kg8 41. Qc8+ 1/2-1/2

[Event "Bundesliga 9697"]
[Site "Deutschland"]
[Date "1997.??.??"]
[Round "?.6"]
[White "Baumhus, Reinhard"]
[Black "Stolz, Mike"]
[Result "0-1"]
[WhiteElo "2355"]
[BlackElo "2280"]
[PlyCount "62"]
[EventDate "1996.10.??"]
[EventType "team"]
[EventRounds "15"]
[EventCountry "GER"]
[SourceTitle "Bundesliga 9697"]
[Source "DeepChess"]
[SourceDate "2005.01.01"]
[SourceVersion "1"]
[SourceVersionDate "2005.01.01"]
[SourceQuality "1"]
[WhiteTeam "SK Passau 1869"]
[BlackTeam "USC Magdeburg"]
[WhiteTeamCountry "GER"]
[BlackTeamCountry "GER"]

1. e4 e6 2. d3 d5 3. Qe2 Ne7 4. Nf3 c5 5. g3 Nbc6 6. Bg2 g6 7. O-O Bg7 8. e5 h6
9. h4 b6 10. c4 dxc4 11. dxc4 Bb7 12. Nc3 Qb8 13. Nb5 O-O 14. Nd6 Nf5 15. Nxb7
Qxb7 16. g4 Nfd4 17. Nxd4 Nxd4 18. Qd3 Nc6 19. Qe4 Rac8 20. Be3 Qe7 21. g5 Bxe5
22. f4 Bxb2 23. Rae1 h5 24. Kh1 Qc7 25. Bg1 Ne7 26. Qb1 Bd4 27. Bh2 Nf5 28. Be4
Qd7 29. Rd1 Qa4 30. Rd3 Qxc4 31. Rc1 Qa4 0-1

[Event "Bundesliga 9697"]
[Site "Deutschland"]
[Date "1997.??.??"]
[Round "?.7"]
[White "Kapischka, Jens"]
[Black "Schlingensiepen, Christian"]
[Result "1-0"]
[WhiteElo "2315"]
[BlackElo "2290"]
[PlyCount "127"]
[EventDate "1996.10.??"]
[EventType "team"]
[EventRounds "15"]
[EventCountry "GER"]
[SourceTitle "Bundesliga 9697"]
[Source "DeepChess"]
[SourceDate "2005.01.01"]
[SourceVersion "1"]
[SourceVersionDate "2005.01.01"]
[SourceQuality "1"]
[WhiteTeam "USC Magdeburg"]
[BlackTeam "SK Passau 1869"]
[WhiteTeamCountry "GER"]
[BlackTeamCountry "GER"]

1. Nf3 Nf6 2. g3 g6 3. Bg2 Bg7 4. O-O O-O 5. d3 d6 6. c4 e5 7. Nc3 Re8 8. Qc2
c6 9. e4 a5 10. Ne1 Na6 11. f4 exf4 12. Bxf4 Nc5 13. Kh1 Ne6 14. Be3 Ng4 15.
Bg1 Nd4 16. Qd1 f5 17. h3 Nh6 18. Nc2 Nxc2 19. Qxc2 Be6 20. Ne2 fxe4 21. dxe4
Qg5 22. Kh2 Nf7 23. Nf4 Be5 24. Rae1 c5 25. Be3 Nd8 26. Rf3 Qe7 27. Nd5 Qg7 28.
Qd2 Bxd5 29. Qxd5+ Kh8 30. Ref1 h5 31. Bg5 Rc8 32. Bf6 Bxf6 33. Rxf6 Rc6 34. h4
Re5 35. Rf8+ Kh7 36. Qd2 Qe7 37. Qxa5 Rc8 38. Qb6 Kg7 39. Bh3 Rc7 40. Bg2 Nc6
41. a4 Re6 42. R8f4 Qd8 43. Bh3 Re8 44. Qb3 Qe7 45. Qd3 Nd4 46. b4 Qe5 47. b5
Ra8 48. Qd2 b6 49. R1f2 Rxa4 50. Rf8 Ra3 51. Qg5 Qxg5 52. hxg5 Ra2 53. Rxa2
Kxf8 54. Ra8+ Kf7 55. Rd8 Ke7 56. Rg8 Nf3+ 57. Kg2 Nxg5 58. Rxg6 Nf7 59. Be6
Ne5 60. Rh6 Kf8 61. Bd5 Rg7 62. Rxh5 Ke7 63. Rh8 Kf6 64. Rd8 1-0

[Event "Bundesliga 9697"]
[Site "Deutschland"]
[Date "1997.??.??"]
[Round "?.8"]
[White "Goetz, Ralph"]
[Black "Darnstaedt, Frank"]
[Result "1/2-1/2"]
[WhiteElo "2310"]
[BlackElo "2295"]
[PlyCount "52"]
[EventDate "1996.10.??"]
[EventType "team"]
[EventRounds "15"]
[EventCountry "GER"]
[SourceTitle "Bundesliga 9697"]
[Source "DeepChess"]
[SourceDate "2005.01.01"]
[SourceVersion "1"]
[SourceVersionDate "2005.01.01"]
[SourceQuality "1"]
[WhiteTeam "SK Passau 1869"]
[BlackTeam "USC Magdeburg"]
[WhiteTeamCountry "GER"]
[BlackTeamCountry "GER"]

1. e4 c5 2. Nf3 Nc6 3. d4 cxd4 4. Nxd4 Nf6 5. Nc3 e5 6. Ndb5 d6 7. a4 a6 8. Na3
Be6 9. Bc4 h6 10. Be3 Be7 11. Nd5 O-O 12. Bb6 Qd7 13. Qd3 Bd8 14. Nxf6+ Bxf6
15. Rd1 Be7 16. c3 Rac8 17. Bd5 Nd8 18. b3 Bxd5 19. exd5 f5 20. Nc4 Nf7 21. O-O
e4 22. Qg3 Ng5 23. Be3 Qd8 24. Bb6 Qd7 25. Be3 Qd8 26. Bb6 Qd7 1/2-1/2

[Event "Bundesliga 9697"]
[Site "Deutschland"]
[Date "1997.??.??"]
[Round "?.2"]
[White "Hoffmann, Michael"]
[Black "Boensch, Uwe"]
[Result "1/2-1/2"]
[WhiteElo "2440"]
[BlackElo "2520"]
[PlyCount "39"]
[EventDate "1996.10.??"]
[EventType "team"]
[EventRounds "15"]
[EventCountry "GER"]
[SourceTitle "Bundesliga 9697"]
[Source "DeepChess"]
[SourceDate "2005.01.01"]
[SourceVersion "1"]
[SourceVersionDate "2005.01.01"]
[SourceQuality "1"]
[WhiteTeam "SV Castrop Rauxel 1923"]
[BlackTeam "SV Empor Berlin e.V."]
[WhiteTeamCountry "GER"]
[BlackTeamCountry "GER"]

1. c4 e6 2. g3 d5 3. Bg2 Nf6 4. Nf3 Be7 5. O-O O-O 6. d4 dxc4 7. Qc2 a6 8. a4
Bd7 9. Qxc4 Bc6 10. Bg5 a5 11. Nc3 Na6 12. Rac1 Nb4 13. Rfd1 Rc8 14. Bxf6 Bxf6
15. e4 b6 16. d5 exd5 17. exd5 Bd7 18. Nd4 Bxd4 19. Qxd4 Bf5 20. Be4 1/2-1/2